[Event "Prague op-A 18th"]
[Site "Prague"]
[Date "2019.01.12"]
[Round "3"]
[White "Otruba, Marek"]
[Black "Rericha, Miroslav"]
[Result "1-0"]
[WhiteElo "1983"]
[BlackElo "1660"]
[PlyCount "47"]
[EventDate "2019.01.11"]
[EventType "swiss"]
[EventRounds "9"]
[EventCountry "CZE"]
[SourceTitle "CBM 188 Extra"]
[Source "ChessBase"]
[SourceDate "2019.02.26"]
[SourceVersion "1"]
[SourceVersionDate "2019.02.26"]
[SourceQuality "1"]

1. d4 d5 2. c4 e6 3. Nf3 c6 4. Nc3 f5 5. g3 Bd6 6. Bg2 Nf6 7. 0-0 0-0 8. Qc2 Qc7 9. c5 Be7 10. Bf4 Qd8 11. b4 Nbd7 12. b5 Nh5 13. bxc6 bxc6 14. Qa4 Bb7 15. Rab1 Qc8 16. Rb3 Nxf4 17. gxf4 Qc7 18. Rfb1 Rfb8 19. Ne5 Bf6 20. Nxd5 exd5 21. Bxd5+ cxd5 22. Nxd7 a6 23. Nxb8 Rxb8 24. Rxb7 1-0

[Event "Prague Summer op 2nd"]
[Site "Prague"]
[Date "2015.08.12"]
[Round "7"]
[White "Rericha, Miroslav"]
[Black "Novak, Vaclav"]
[Result "0-1"]
[WhiteElo "1654"]
[BlackElo "1959"]
[PlyCount "68"]
[EventDate "2015.08.07"]
[EventType "swiss"]
[EventRounds "9"]
[EventCountry "CZE"]
[SourceTitle "CBM 167 Extra"]
[Source "ChessBase"]
[SourceDate "2015.09.14"]
[SourceVersion "1"]
[SourceVersionDate "2015.09.14"]
[SourceQuality "1"]

1. d4 g6 2. e3 Bg7 3. Bd3 d5 4. f4 Nf6 5. Nd2 Nc6 6. Ngf3 Bg4 7. c3 e6 8. 0-0 Bf5 9. Bxf5 exf5 10. Ne5 Nxe5 11. fxe5 Ng4 12. Qe2 0-0 13. Nf3 Re8 14. h3 Nh6 15. Bd2 c6 16. Be1 b5 17. b4 a5 18. Bh4 Qb6 19. a3 Ra7 20. Ra2 Kh8 21. Rfa1 Ng8 22. Nd2 f6 23. exf6 Nxf6 24. Nb3 Ne4 25. Qd3 a4 26. Nd2 g5 27. Be1 Rae7 28. Nxe4 Rxe4 29. Bf2 Qc7 30. Re1 Qf7 31. Rae2 Qg6 32. Kf1 g4 33. hxg4 fxg4 34. Bg3 Rf4+ 0-1